书目信息 |
| 题名: |
数据库黑客大曝光
|
|
| 作者: | 利奇菲尔德, 著 ;闫雷鸣 , 邢苏霄 译 | |
| 分册: | ||
| 出版信息: | 北京 清华大学出版社 2006 |
|
| 页数: | 395页 | |
| 开本: | 26cm | |
| 丛书名: | 安全技术经典译丛 | |
| 单 册: | ||
| 中图分类: | TP393.08 , TP311.13 | |
| 科图分类: | ||
| 主题词: | 数据库系统--ju ku tong--安全技术 , 计算机网络--ji suan ji wang--安全技术 , 计算机应用 | |
| 电子资源: | ||
| ISBN: | 7-302-14078-2 | |
| 000 | 01466cam 2200361 450 | |
| 001 | 0100001216 | |
| 005 | 20071025110322.90 | |
| 010 | @a7-302-14078-2@dCNY48.00 | |
| 100 | @a20070831d2006 em y0chiy0121 ea | |
| 101 | 1 | @achi@ceng |
| 102 | @aCN@b110000 | |
| 105 | @aak z 000yy | |
| 200 | 1 | @a数据库黑客大曝光@Aju ku hei ke pu guang@e数据库服务器防护术@f(美) David Litchfield ... [等] 著@g闫雷鸣, 邢苏霄译 |
| 210 | @a北京@c清华大学出版社@d2006 | |
| 215 | @a395页@c图@d26cm | |
| 225 | 2 | @a安全技术经典译丛@Aan quan ji jing dian yi cong |
| 305 | @a据Wiley Publishing, Inc. 2005年英文版译出 | |
| 306 | @a由Wiley Publishing, Inc.授权清华大学出版社出版 | |
| 312 | @a原文题名取自封面 | |
| 330 | @a本书内容包括关注数据库安全的原因, Oracle体系结构, IBM DB2通用数据库, Informix体系结构, Sybase体系结构, MySQL体系结构, Microsoft SQL Sever体系结构, PostgreSQL体系结构等各体系结构的发现与攻击及其保护等。 | |
| 410 | 0 | @12001 @a安全技术经典译丛 |
| 510 | 1 | @aDatabase hacker's handbook defending database servers@zeng |
| 517 | 1 | @a数据库服务器防护术@Aju ku fu wu qi fang hu |
| 606 | 0 | @a数据库系统@Aju ku tong@x安全技术 |
| 606 | 0 | @a计算机网络@Aji suan ji wang@x安全技术 |
| 606 | 0 | @a计算机应用 |
| 690 | @aTP393.08@v4 | |
| 690 | @aTP311.13@v4 | |
| 701 | 1 | @a利奇菲尔德,@Ali fei er de@bD.@g(Litchfield, David)@4著 |
| 702 | 0 | @a闫雷鸣@Ayan lei ming@4译 |
| 702 | 0 | @a邢苏霄@Axing su xiao@4译 |
| 801 | 0 | @aCN@c20071025 |
| 905 | @dTP393.08@eL367 | |
| 数据库黑客大曝光:数据库服务器防护术/(美) David Litchfield ... [等] 著/闫雷鸣, 邢苏霄译.-北京:清华大学出版社,2006 |
| 395页:图;26cm.-(安全技术经典译丛) |
| ISBN 7-302-14078-2:CNY48.00 |
| 本书内容包括关注数据库安全的原因, Oracle体系结构, IBM DB2通用数据库, Informix体系结构, Sybase体系结构, MySQL体系结构, Microsoft SQL Sever体系结构, PostgreSQL体系结构等各体系结构的发现与攻击及其保护等。 |
| ● |
| 相关链接 |
|
|
|
正题名:数据库黑客大曝光
索取号:TP393.08/L367
 
预约/预借
| 序号 | 登录号 | 条形码 | 馆藏地/架位号 | 状态 | 备注 |
| 1 | 662479 | 206624795 | 自科库301/301自科库 122排1列4层/ [索取号:TP393.08/L367] | 在馆 | |
| 2 | 662480 | 206624802 | 自科二线404/404自科库 10排1列1层/ [索取号:TP393.08/L367] | 在馆 | |
| 3 | 662481 | 206624811 | 自科库301/301自科库 122排1列4层/ [索取号:TP393.08/L367] | 在馆 |